000 003760000a22001690004500
020 _a0-310-24332-7
041 0 _aENG
082 0 4 _aG 242 F4691p
100 1 _aFife, Eric
245 1 0 _aPrayer common sense and the Bible / Eric Fife
250 _a3
260 _aGrand Rapids, MI., USA : Zondervan
300 _a91 Pag
650 1 4 _aORACION
001 4910
942 _cBK
999 _c35449
_d35449